A Vág völgye Vágbesztercze a várral
Zobrazenie: Pohľad na údolie Váhu s Považskou Bystricou a ruinami Považského hradu v pozadí za poliami. V popredí je drevený plot. Vľavo a vpravo sú listnaté stromy
| Format: | Postcard |
|---|---|
| Language: | Hungarian German |
| PhysicalDescription: | 1 pohľadnica tónovaná do modra 9 x 14 cm |
| Published: |
Vágbesztercze
Waldapfel Gyula
[medzi 1905 a 1945?]
|
| Subjects: |
MARC
| LEADER | 00000ckm a2200000 a 4500 | ||
|---|---|---|---|
| 001 | vtls011619571 | ||
| 003 | SK-MaSNL | ||
| 005 | 20260512125214.0 | ||
| 007 | kp ao | ||
| 008 | 230718q1905 xo g kuhun | ||
| 015 | |a SNBG | ||
| 035 | |a urn:nbn:sk:snk-km00dtsv | ||
| 035 | |a urn:nbn:sk:snk-km3lu8a | ||
| 035 | |a EFAEBEF8-CC12-4ED5-A032-BE8725EBC7A3 | ||
| 040 | |a SNK |b slo |c SNK |e AACR2 | ||
| 041 | 0 | |a hun |a ger | |
| 043 | |a e-xo--- | ||
| 044 | |a xo |c SK | ||
| 072 | 7 | |a 913 |x Regionálna geografia |2 konspekt | |
| 080 | |a (084.121) |2 2011 | ||
| 080 | |a 913(437.613.629) |2 2001 | ||
| 080 | |a 913(437.6) |2 2001 | ||
| 080 | |a 913(437.6) |2 2011 | ||
| 080 | |a 728.81 |2 2011 | ||
| 080 | |a 726:27-523.42 |2 2011 | ||
| 245 | 0 | 0 | |a A Vág völgye |h grafika |b Vágbesztercze a várral |
| 246 | 3 | 1 | |a Das Waagtal |b Vágbesztercze mit Ruine |
| 260 | |a Vágbesztercze |b Waldapfel Gyula |c [medzi 1905 a 1945?] | ||
| 300 | |a 1 pohľadnica |b tónovaná do modra |c 9 x 14 cm | ||
| 500 | |a Názvové údaje prevzaté z obrazovej časti pohľadnice | ||
| 520 | 8 | |a Zobrazenie: Pohľad na údolie Váhu s Považskou Bystricou a ruinami Považského hradu v pozadí za poliami. V popredí je drevený plot. Vľavo a vpravo sú listnaté stromy | |
| 546 | |a Súbežný názov a podnázov v nem. | ||
| 610 | 2 | 7 | |a Považský hrad (Považská Bystrica, Slovensko) |2 SNKKA |9 165143 |
| 650 | 0 | 7 | |a hrady |2 SNKPH |9 3039 |
| 650 | 0 | 7 | |a kostoly |2 SNKPH |9 3023 |
| 651 | 7 | |a Považská Bystrica (Slovensko) |2 SNKPHgeo |9 28796 | |
| 655 | 7 | |a miestne pohľadnice |2 SNKPH |9 70510 | |
| 752 | |a Slovensko |d Považská Bystrica | ||
| 852 | |a Slovenská národná knižnica | ||
| 954 | |a pohľadnice pôvodné (slovenské) |2 lita | ||
| 954 | |a pohľadnice cudzojazyčné (svetové) |2 lita | ||
| 958 | |a OND | ||
| 958 | |a GBN | ||
| 958 | |a GC | ||
| 958 | |a EUIPO | ||
| 999 | |c 1021513 |d 1023443 | ||
| 952 | |a SNK |b SNK |y PREZ |7 0 |p 17A1223365 |o snkSP 19684 |z Pohľadnica prešla poštou. |0 0 |1 0 |4 0 |d 2017-03-22 |f 1 |l 0 |r 2026-02-24 13:26:12 |w 2026-02-24 | ||


